Political Parties by Country - Statistics

General Stats
  • This quiz has been taken 97 times
    75 since last reset
  • The average score is 21 of 30
Answer Stats
Country Political Parties % Correct
Canada Liberal Party of Canada
99%
France The Republicans
99%
United States of America Republican Party
97%
United Kingdom Conservative and Unionist Party
96%
Canada Conservative Party of Canada
96%
United States of America Democratic Party
96%
Australia Australian Greens
93%
United States of America Green Party
93%
United Kingdom Green Party
93%
Canada Green Party of Canada
93%
Germany Alliance '90
92%
Australia Australian Labor Party
92%
Northern Ireland Green Party of Northern Ireland
92%
United Kingdom Labour Party
92%
United States of America Libertarian Party
82%
Germany Social Democratic Party of Germany
70%
Germany Christian Democratic Union of Germany
69%
Ireland Sinn Féin
63%
United Kingdom Liberal Democrats
61%
Canada New Democratic Party
59%
Scotland Scottish National Party
59%
United Kingdom UK Independence Party
56%
France Socialist Party
55%
Canada Bloc Québécois
46%
Germany Die Linke
39%
France La République En Marche
38%
Ireland Fine Gael
37%
Ireland Fianna Fáil
35%
Germany Christian Social Union in Bavaria
32%
Australia Liberal-National Coalition
15%
No matching quizzes found
Score Distribution
Percent of People with Each Score
Percentile by Number Answered
Your Score History
You have not taken this quiz since the last reset